| 000 | 03652cam a22005055i 4500 | ||
|---|---|---|---|
| 001 | 21735559 | ||
| 003 | OSt | ||
| 005 | 20230421111503.0 | ||
| 006 | m |o d | | ||
| 007 | cr ||||||||||| | ||
| 008 | 160628s2016 xxu|||| o |||| 0|eng | ||
| 010 | _a 2019753254 | ||
| 020 | _a9781484220474 | ||
| 024 | 7 |
_a10.1007/978-1-4842-2047-4 _2doi |
|
| 035 | _a(DE-He213)978-1-4842-2047-4 | ||
| 040 |
_aDLC _beng _epn _erda _cDLC |
||
| 072 | 7 |
_aCOM075000 _2bisacsh |
|
| 072 | 7 |
_aUKN _2bicssc |
|
| 072 | 7 |
_aUKN _2thema |
|
| 082 | 0 | 4 |
_a004.69 _21 _bGILA |
| 100 | 1 |
_aGilchrist, Alasdair, _eauthor. _991440 |
|
| 245 | 1 | 0 |
_aIndustry 4.0 : _bthe Industrial Internet of Things / _cBy Alasdair Gilchrist. |
| 250 | _a1st ed. | ||
| 264 | 1 |
_aBerkeley, CA : _bApress ; _b2023 |
|
| 300 |
_a250P. ; _bPB _c23.5 cm. |
||
| 336 |
_atext _btxt _2rdacontent |
||
| 337 |
_acomputer _bc _2rdamedia |
||
| 338 |
_aonline resource _bcr _2rdacarrier |
||
| 347 |
_atext file _bPDF _2rda |
||
| 505 | 0 | _a1. Introduction to the Industrial Internet -- 2. Industrial Internet Use Cases -- 3. The Technical and Business Innovators of the Industrial Internet -- 4. IIoT Reference Architecture -- 5. Designing Industrial Internet Systems -- 6. Examining the Access Network Technology and Protocols -- 7. Examining the Middleware Transport Protocols -- 8. Middleware Software Patterns -- 9. Software Design Concepts -- 10. Middleware Industrial Internet of Things Platforms -- 11. IIoT WAN Technologies and Protocols -- 12. Securing the Industrial Internet -- 13. Introducing Industry 4.0 -- 14. Smart Factory -- 15. Getting from here to there - a roadmap. | |
| 520 | _aExplore the current state of the production, processing, and manufacturing industries and discover what it will take to achieve re-industrialization of the former industrial powerhouses that can counterbalance the benefits of cheap labor providers dominating the industrial sector. This book explores the potential for the Internet of Things (IoT), Big Data, Cyber-Physical Systems (CPS), and Smart Factory technologies to replace the still largely mechanical, people-based systems of offshore locations. Industry 4.0: The Industrial Internet of Things covers Industry 4.0, a term that encapsulates trends and technologies that could rewrite the rules of manufacturing and production. What are the Industrial Internet and Industrial Internet of Things Which technologies must advance to enable Industry 4.0 What is happening today to make that happen What are examples of the implementation of Industry 4.0 How to apply some of these case studies What is the potential to take back the lead in manufacturing, and the potential fallout that could result. | ||
| 588 | _aDescription based on publisher-supplied MARC data. | ||
| 650 | 0 |
_aComputer communication systems. _991441 |
|
| 650 | 0 |
_aComputer input-output equipment. _991442 |
|
| 650 | 0 |
_aComputers and civilization. _991443 |
|
| 650 | 1 | 4 |
_aComputer Communication Networks. _0https://scigraph.springernature.com/ontologies/product-market-codes/I13022 _991444 |
| 650 | 2 | 4 |
_aComputers and Society. _0https://scigraph.springernature.com/ontologies/product-market-codes/I24040 _991445 |
| 650 | 2 | 4 |
_aHardware and Maker. _0https://scigraph.springernature.com/ontologies/product-market-codes/I29010 _991446 |
| 776 | 0 | 8 |
_iPrint version: _tIndustry 4.0 : the industrial internet of things _z9781484220467 _w(DLC) 2016945031 |
| 776 | 0 | 8 |
_iPrinted edition: _z9781484220467 |
| 776 | 0 | 8 |
_iPrinted edition: _z9781484220481 |
| 776 | 0 | 8 |
_iPrinted edition: _z9781484249703 |
| 906 |
_a0 _bibc _corigres _du _encip _f20 _gy-gencatlg |
||
| 942 |
_2ddc _cBK _e1st _k004.69 GILA |
||
| 999 |
_c227248 _d227248 |
||